| 000 | 00421nam a2200169Ia 4500 | ||
|---|---|---|---|
| 005 | 20250508155856.0 | ||
| 008 | 008 250505s9999 xx 000 0 hin d | ||
| 037 | _aTextual | ||
| 040 |
_aFEDL _beng _cFEDL |
||
| 041 |
_ahin _2eng |
||
| 084 |
_aFH, GOY _qFEDL |
||
| 245 | 0 | _aDaya ka fal | |
| 260 |
_aDelhi, India _bGoyal Brothers |
||
| 300 | _a47p. | ||
| 942 |
_cTEXL _hFH, GOY |
||
| 999 |
_c1359780 _d1359780 |
||